000 00761nam a2200205 a 4500
003 0
005 20250322090843.0
008 060801s19uu xx 00 eng d
050 _aPGS LB 3013.B44
_b.G475 2006
100 _aGillan, Jayde.
245 _aA study on the profile of SISC upper school teachers' behavior management /
_cJayde Gillan.
260 _aLas PiƱas City, Philippines :
_bSouthville International School and Colleges,
_c2006.
300 _a26 pages :
_billustrations ;
_c28 cm.
504 _aIncludes bibliographical references.
650 _aClassroom management.
650 _aBehavioral management in schools.
650 _aDiscipline in education.
650 _aEducational leadership and classroom control.
942 _2lcc
_cPASS
999 _c97487
_d97487